| 000 | 01407cam a22003614a 4500 | ||
|---|---|---|---|
| 001 | 14308610 | ||
| 003 | 000002 | ||
| 005 | 20220326193244.0 | ||
| 008 | 060321s2006 maua b 001 0 eng | ||
| 010 | _a 2006044881 | ||
| 015 |
_aGBA678164 _2bnb |
||
| 016 | 7 |
_a013552131 _2Uk |
|
| 020 | _a0262511959 (pbk. : alk. paper) | ||
| 020 | _a9780262511957 (pbk. : alk. paper) | ||
| 020 | _a9780262511957 | ||
| 035 | _a(OCoLC)ocm65205170 | ||
| 035 | _a(OCoLC)65205170 | ||
| 040 |
_aDLC _cDLC _dBAKER _dUKM _dC#P _dYDX _dBTCTA _dYDXCP _dIXA _dCOO _dDLC |
||
| 050 | 0 | 0 |
_aN6494.C63 _bA735 2006 |
| 082 | 0 | 0 |
_a709.040.75 _bA332a |
| 245 | 0 | 0 |
_aArt after conceptual art / _cedited by Alexander Alberro and Sabeth Buchmann. |
| 260 |
_aCambridge, Mass. : _bMIT Press ; _aVienna, Austria : _bGenerali Foundation, _cc2006. |
||
| 300 |
_a240 p. : _bill. ; _c23 cm. |
||
| 440 | 0 |
_aGenerali Foundation collection series _91 |
|
| 504 | _aIncludes bibliographical references and index. | ||
| 650 | 0 |
_aConceptual art. _92 |
|
| 650 | 0 |
_aConceptual art _xInfluence. _93 |
|
| 700 | 1 |
_aAlberro, Alexander. _94 |
|
| 700 | 1 |
_aBuchmann, Sabeth. _95 |
|
| 856 | 4 | 1 |
_3Table of contents only _uhttp://www.loc.gov/catdir/toc/fy0705/2006044881.html |
| 906 |
_a7 _bcbc _corignew _d1 _eocip _f20 _gy-gencatlg |
||
| 999 |
_c5 _d5 |
||